Résultats des candidats à l’élection présidentielle 2022 - Statistiques

Statistiques générales
  • Ce quiz a été pris 83 fois
  • Le résultat moyen est 9 sur 12
Statistiques - réponses
Parti Score Candidat % Correct
La République en Marche 1er tour : 27,85%2nd tour : 58,55% Emmanuel Macron
100%
Rassemblement National 1er tour : 23,15%2nd tour : 41,45% Marine Le Pen
100%
La France Insoumise 21,95% Jean-Luc Mélenchon
99%
Reconquête 7,07% Éric Zemmour
92%
Les Républicains 4,78% Valérie Pécresse
81%
Parti Communiste Français 2,28% Fabien Roussel
70%
Nouveau Parti Anticapitaliste 0,76% Philippe Poutou
69%
Parti Socialiste 1,74% Anne Hidalgo
68%
Lutte Ouvrière 0,56% Nathalie Arthaud
65%
Debout La France 2,06% Nicolas Dupont-Aignan
65%
Europe Écologie Les Verts 4,63% Yannick Jadot
65%
Résistons ! 3,13% Jean Lassalle
64%
Aucun quiz correspondant
Distribution des résultats
% des personnes avec chaque résultat
Percentile par nombre de réponses
Votre historique - résultats
Vous n’avez pas pris ce quiz